[Event "HUN-chT U18"]
[Site "Budapest"]
[Date "2019.10.28"]
[Round "4.4"]
[White "Kovacs, Gabor Etele"]
[Black "Lengyel, Andrea"]
[Result "1-0"]
[WhiteElo "2053"]
[BlackElo "1872"]
[PlyCount "81"]
[EventDate "2019.10.26"]
[EventType "team-swiss"]
[EventRounds "7"]
[EventCountry "HUN"]
[SourceTitle "CBM 192 Extra"]
[Source "Chessbase"]
[SourceDate "2019.11.06"]
[SourceVersion "1"]
[SourceVersionDate "2019.11.06"]
[SourceQuality "1"]
[WhiteTeam "Geniusz Tata"]
[BlackTeam "Dunaharaszti"]
[WhiteTeamCountry "HUN"]
[BlackTeamCountry "HUN"]

1. e4 c5 2. Nf3 Nc6 3. Bb5 e6 4. Bxc6 bxc6 5. b3 d5 6. d3 c4 7. dxc4 dxc4 8. Qxd8+ Kxd8 9. Ne5 cxb3 10. Nxf7+ Ke8 11. Nxh8 bxc2 12. Nc3 Ba6 13. Bg5 Ba3 14. Bc1 Bb4 15. Bb2 Rd8 16. Rc1 Bd3 17. f3 Nf6 18. Kf2 Bc5+ 19. Kg3 Be3 20. h4 Rb8 21. Ba3 Bd2 22. Na4 Bxc1 23. Rxc1 Rb1 24. Nc5 Rxc1 25. Bxc1 Bc4 26. a3 Kf8 27. Nb7 Ne8 28. Nd8 Nd6 29. Kf4 Nb5 30. Nxc6 Kg8 31. Nf7 Bf1 32. Nfe5 Nc3 33. Ke3 a6 34. Kd2 Ne2 35. Kxc2 Nxc1 36. Kxc1 Bxg2 37. Nd8 Kf8 38. Nxe6+ Ke7 39. Nf4 Bh1 40. Kd2 Kf6 41. Ng4+ 1-0

[Event "HUN-chT U18"]
[Site "Budapest"]
[Date "2019.10.27"]
[Round "3.4"]
[White "Kovacs, Gabor Etele"]
[Black "Broderick, Tamas"]
[Result "1/2-1/2"]
[WhiteElo "2053"]
[BlackElo "1571"]
[PlyCount "96"]
[EventDate "2019.10.26"]
[EventType "team-swiss"]
[EventRounds "7"]
[EventCountry "HUN"]
[SourceTitle "CBM 192 Extra"]
[Source "Chessbase"]
[SourceDate "2019.11.06"]
[SourceVersion "1"]
[SourceVersionDate "2019.11.06"]
[SourceQuality "1"]
[WhiteTeam "Geniusz Tata"]
[BlackTeam "Budapest MTK III"]
[WhiteTeamCountry "HUN"]
[BlackTeamCountry "HUN"]

1. e4 c5 2. Nf3 Nc6 3. Bb5 Qc7 4. Nc3 a6 5. Bxc6 dxc6 6. h3 e5 7. d3 Ne7 8. Be3 Ng6 9. Qd2 Be7 10. a4 a5 11. 0-0 0-0 12. Ne2 f6 13. Qc3 b6 14. Nd2 Be6 15. f4 exf4 16. Nxf4 Nxf4 17. Bxf4 Bd6 18. Bxd6 Qxd6 19. Nf3 Qg3 20. Kh1 Rad8 21. Rad1 Rd7 22. b3 Rfd8 23. Ng1 Qd6 24. Ne2 Qe5 25. Qxe5 fxe5 26. Ng1 Re7 27. Nf3 Bf7 28. Rf2 b5 29. axb5 cxb5 30. Ra1 Ra8 31. Rff1 c4 32. dxc4 bxc4 33. b4 a4 34. c3 Be8 35. Rfd1 Bc6 36. Nd2 Bb5 37. Kg1 Rd8 38. Nf3 Rxd1+ 39. Rxd1 Bc6 40. Kf2 h6 41. Rd8+ Kf7 42. Ke3 Ke6 43. Nd2 a3 44. Nxc4 a2 45. Rd1 Bb5 46. Nd2 Rd7 47. c4 Bxc4 48. Ra1 Rd3+ 1/2-1/2

[Event "HUN-ch U18"]
[Site "Balatonlelle"]
[Date "2019.06.24"]
[Round "4"]
[White "Kovacs, Gabor Etele"]
[Black "Varga, Marcell1111"]
[Result "1-0"]
[WhiteElo "2062"]
[BlackElo "2106"]
[PlyCount "65"]
[EventDate "2019.06.21"]
[EventType "swiss"]
[EventRounds "9"]
[EventCountry "HUN"]
[SourceTitle "CBM 191 Extra"]
[Source "ChessBase"]
[SourceDate "2019.09.30"]
[SourceVersion "1"]
[SourceVersionDate "2019.09.30"]
[SourceQuality "1"]

1. e4 e5 2. Nf3 Nf6 3. d4 Nxe4 4. dxe5 d5 5. Nbd2 Nxd2 6. Qxd2 Be7 7. Be2 0-0 8. b3 c5 9. Bb2 Nc6 10. 0-0 Be6 11. Rfe1 Re8 12. a3 h6 13. Rad1 Qc7 14. Qf4 Rad8 15. Bd3 Bf8 16. Bc1 Qe7 17. Qg3 g6 18. Nh4 Kh8 19. Bxg6 Bg7 20. f4 Qxh4 21. Qxh4 fxg6 22. g4 Nd4 23. Rd3 Nxc2 24. Rf1 Nd4 25. Rxd4 cxd4 26. f5 gxf5 27. Bxh6 Rd7 28. Bxg7+ Kxg7 29. gxf5 Rf7 30. Qg4+ Kf8 31. fxe6 Rxf1+ 32. Kxf1 Re7 33. h4 1-0

[Event "HUN-ch U18"]
[Site "Balatonlelle"]
[Date "2019.06.23"]
[Round "3"]
[White "Birovecz, Ben Jordan"]
[Black "Kovacs, Gabor Etele"]
[Result "0-1"]
[WhiteElo "1912"]
[BlackElo "2062"]
[PlyCount "78"]
[EventDate "2019.06.21"]
[EventType "swiss"]
[EventRounds "9"]
[EventCountry "HUN"]
[SourceTitle "CBM 191 Extra"]
[Source "ChessBase"]
[SourceDate "2019.09.30"]
[SourceVersion "1"]
[SourceVersionDate "2019.09.30"]
[SourceQuality "1"]

1. d4 d5 2. c4 e6 3. Nf3 c6 4. e3 Nf6 5. b3 c5 6. cxd5 Nxd5 7. Bc4 Nc6 8. 0-0 cxd4 9. Nxd4 Nxd4 10. Qxd4 Be7 11. Bb2 Bf6 12. Qd2 Nb6 13. Qxd8+ Kxd8 14. Bxf6+ gxf6 15. Rd1+ Ke7 16. Be2 Bd7 17. Bf3 Rhd8 18. Bxb7 Bc6 19. Rxd8 Rxd8 20. Ba6 Rd1+ 21. Bf1 Bb5 22. Nc3 Rxa1 23. Nxb5 Rxa2 24. g3 Nd5 25. Bd3 h6 26. Nd4 Kd6 27. e4 Nb4 28. Nb5+ Kc5 29. Bc4 Nc2 30. h4 Na3 31. Nxa3 Rxa3 32. g4 a5 33. e5 a4 34. exf6 axb3 35. Bxe6 fxe6 36. f7 Ra8 37. g5 b2 38. g6 b1Q+ 39. Kh2 Qxg6 0-1

[Event "HUN-chT2 Maroczy 1819"]
[Site "Hungary"]
[Date "2019.04.28"]
[Round "11.8"]
[White "Kovacs, Gabor Etele"]
[Black "Kahn, Evarth"]
[Result "0-1"]
[WhiteElo "1959"]
[BlackElo "2231"]
[PlyCount "86"]
[EventDate "2018.09.23"]
[EventType "team-tourn"]
[EventRounds "11"]
[EventCountry "HUN"]
[SourceTitle "EXT 2021"]
[Source "ChessBase"]
[SourceDate "2020.10.23"]
[SourceVersion "1"]
[SourceVersionDate "2020.10.23"]
[SourceQuality "1"]
[WhiteTeam "Kobanya Aquarena II"]
[BlackTeam "Szigetszentmiklos"]
[WhiteTeamCountry "HUN"]
[BlackTeamCountry "HUN"]

1. e4 c5 2. Nf3 d6 3. Bb5+ Bd7 4. Bxd7+ Nxd7 5. 0-0 g6 6. Qe2 Bg7 7. c3 Ngf6 8. d4 cxd4 9. cxd4 0-0 10. Nc3 Nb6 11. h3 Qd7 12. Rd1 Na4 13. Bg5 Nxc3 14. bxc3 Qc6 15. Bxf6 exf6 16. Qd3 Rac8 17. Rab1 b6 18. Rb3 Rfe8 19. Re1 Rc7 20. d5 Qc4 21. Qxc4 Rxc4 22. Nd4 f5 23. Nb5 Rcxe4 24. Rxe4 Rxe4 25. Nxa7 Re1+ 26. Kh2 Re2 27. Kg3 Rxa2 28. Nc6 Rc2 29. Rxb6 Bxc3 30. f4 Be1+ 31. Kf3 Rf2+ 32. Ke3 Rxg2 33. Rb8+ Kg7 34. Rd8 Ra2 35. Rxd6 Bd2+ 36. Kd4 Bxf4 37. Rd8 Rd2+ 38. Kc5 Rc2+ 39. Kb6 Rh2 40. d6 Rxh3 41. d7 Rd3 42. Ne7 Bg5 43. Rg8+ Kf6 0-1

[Event "HUN-chT2 Maroczy 1819"]
[Site "Hungary"]
[Date "2018.10.07"]
[Round "2.7"]
[White "Lovas, Zsolt"]
[Black "Kovacs, Gabor Etele"]
[Result "1/2-1/2"]
[WhiteElo "1962"]
[BlackElo "1959"]
[PlyCount "29"]
[EventDate "2018.09.23"]
[EventType "team-tourn"]
[EventRounds "11"]
[EventCountry "HUN"]
[SourceTitle "EXT 2020"]
[Source "ChessBase"]
[SourceDate "2019.10.17"]
[SourceVersion "1"]
[SourceVersionDate "2019.10.17"]
[SourceQuality "1"]
[WhiteTeam "Penzugyor II"]
[BlackTeam "Kobanya Aquarena II"]
[WhiteTeamCountry "HUN"]
[BlackTeamCountry "HUN"]

1. e4 Nf6 2. e5 Nd5 3. c4 Nb6 4. d4 d6 5. exd6 cxd6 6. Nc3 g6 7. h3 Bg7 8. Nf3 0-0 9. Be2 Nc6 10. 0-0 Bf5 11. a3 d5 12. cxd5 Nxd5 13. Nxd5 Qxd5 14. Be3 Rfd8 15. Qa4 1/2-1/2

[Event "HUN-chT U18"]
[Site "Zalakaros"]
[Date "2018.07.27"]
[Round "3.5"]
[White "Bako, Martin"]
[Black "Kovacs, Gabor Etele"]
[Result "1/2-1/2"]
[WhiteElo "1852"]
[BlackElo "1915"]
[PlyCount "59"]
[EventDate "2018.07.26"]
[EventType "team-swiss"]
[EventRounds "7"]
[EventCountry "HUN"]
[SourceTitle "CBM 185 Extra"]
[Source "ChessBase"]
[SourceDate "2018.07.29"]
[SourceVersion "1"]
[SourceVersionDate "2018.07.29"]
[SourceQuality "1"]
[WhiteTeam "Edeleny"]
[BlackTeam "Kobanya Aquarena"]
[WhiteTeamCountry "HUN"]
[BlackTeamCountry "HUN"]

1. d4 d5 2. c4 e6 3. Nc3 c6 4. Nf3 Nf6 5. Bg5 dxc4 6. e4 b5 7. e5 h6 8. Bh4 g5 9. Nxg5 hxg5 10. Bxg5 Be7 11. exf6 Bxf6 12. Bxf6 Qxf6 13. Ne4 Qe7 14. g3 Na6 15. a3 Bb7 16. Bg2 0-0-0 17. 0-0 f5 18. Nd2 Rxd4 19. Qe2 Rhd8 20. Nf3 Re4 21. Qc2 Nc5 22. Rae1 Rxe1 23. Rxe1 Qd6 24. Ng5 Qd2 25. Qxd2 Rxd2 26. Nxe6 Nxe6 27. Rxe6 Rxb2 28. Kf1 c3 29. Re1 c2 30. Bh3 1/2-1/2

[Event "HUN-chT U18"]
[Site "Zalakaros"]
[Date "2018.07.27"]
[Round "4.4"]
[White "Kovacs, Gabor Etele"]
[Black "Lengyel, Andrea"]
[Result "1/2-1/2"]
[WhiteElo "1915"]
[BlackElo "1854"]
[PlyCount "31"]
[EventDate "2018.07.26"]
[EventType "team-swiss"]
[EventRounds "7"]
[EventCountry "HUN"]
[SourceTitle "CBM 185 Extra"]
[Source "ChessBase"]
[SourceDate "2018.07.29"]
[SourceVersion "1"]
[SourceVersionDate "2018.07.29"]
[SourceQuality "1"]
[WhiteTeam "Kobanya Aquarena"]
[BlackTeam "Dunaharaszti"]
[WhiteTeamCountry "HUN"]
[BlackTeamCountry "HUN"]

1. e4 c5 2. Nf3 Nc6 3. Bb5 g6 4. Bxc6 bxc6 5. 0-0 Bg7 6. Re1 e5 7. b4 cxb4 8. a3 c5 9. axb4 cxb4 10. Bb2 d6 11. d4 f6 12. dxe5 dxe5 13. Qe2 a5 14. Qb5+ Bd7 15. Qc4 Qc8 16. Qd3 1/2-1/2

[Event "Katowice POL-HUN 6th"]
[Site "Katowice"]
[Date "2018.05.06"]
[Round "9"]
[White "Kovacs, Gabor Etele"]
[Black "Chylewski, Patryk"]
[Result "0-1"]
[WhiteElo "2012"]
[BlackElo "2335"]
[PlyCount "83"]
[EventDate "2018.05.05"]
[EventType "swiss (rapid)"]
[EventRounds "9"]
[EventCountry "POL"]
[SourceTitle "CBM 184 Extra"]
[Source "ChessBase"]
[SourceDate "2018.06.28"]
[SourceVersion "1"]
[SourceVersionDate "2018.06.28"]
[SourceQuality "1"]

1. e4 c5 2. c3 d5 3. exd5 Qxd5 4. d4 Nc6 5. dxc5 Qxd1+ 6. Kxd1 Nf6 7. Nf3 Bg4 8. Be3 e5 9. b4 e4 10. h3 Bh5 11. g4 Nxg4 12. hxg4 Bxg4 13. Be2 exf3 14. Bb5 Be7 15. Nd2 0-0 16. Bxc6 bxc6 17. Kc2 h5 18. Nc4 Bf6 19. Na5 Rac8 20. Rad1 Be5 21. Nc4 Bc7 22. a4 a6 23. Nd6 Rb8 24. Rd4 f6 25. Bf4 g5 26. Bh2 Rfd8 27. Re1 Rd7 28. Kb3 Kg7 29. c4 Kg6 30. Rde4 Bf5 31. Re7 Rbd8 32. Rxd7 Rxd7 33. b5 axb5 34. cxb5 cxb5 35. axb5 h4 36. b6 Bxd6 37. Bxd6 g4 38. Kb4 g3 39. fxg3 Bh3 40. c6 Rxd6 41. b7 f2 42. Rb1 0-1

[Event "Katowice POL-HUN 6th"]
[Site "Katowice"]
[Date "2018.05.05"]
[Round "4"]
[White "Klekowski, Maciej"]
[Black "Kovacs, Gabor Etele"]
[Result "1-0"]
[WhiteElo "2509"]
[BlackElo "2012"]
[PlyCount "79"]
[EventDate "2018.05.05"]
[EventType "swiss (rapid)"]
[EventRounds "9"]
[EventCountry "POL"]
[SourceTitle "CBM 184 Extra"]
[Source "ChessBase"]
[SourceDate "2018.06.28"]
[SourceVersion "1"]
[SourceVersionDate "2018.06.28"]
[SourceQuality "1"]

1. c4 c5 2. g3 g6 3. Bg2 Bg7 4. Nc3 Nc6 5. Nh3 e6 6. Nf4 Nge7 7. d3 0-0 8. h4 b6 9. h5 Bb7 10. hxg6 fxg6 11. Ne4 Qc7 12. Ng5 h6 13. Ngxe6 dxe6 14. Nxe6 Qe5 15. Nxg7 Qxg7 16. Bxh6 Qxb2 17. Bxf8 Qc3+ 18. Kf1 Rxf8 19. Kg1 Qf6 20. Qf1 Bc8 21. e3 Ne5 22. Re1 Rd8 23. f4 Nxd3 24. Rd1 Bf5 25. g4 Qe6 26. gxf5 Qxe3+ 27. Kh2 Kg7 28. Bh3 Nxf5 29. Rg1 Kf7 30. Rg5 Kf6 31. Bxf5 gxf5 32. Rh5 Nf2 33. Rxd8 Qxf4+ 34. Kg2 Qg4+ 35. Kxf2 Qxh5 36. Qd3 Qh2+ 37. Ke1 Qe5+ 38. Kd2 Qb2+ 39. Qc2 Qe5 40. Qc3 1-0

[Event "Katowice POL-HUN 6th"]
[Site "Katowice"]
[Date "2018.05.05"]
[Round "3"]
[White "Kovacs, Gabor Etele"]
[Black "Dors, Ryszard"]
[Result "1/2-1/2"]
[WhiteElo "2012"]
[BlackElo "2179"]
[PlyCount "103"]
[EventDate "2018.05.05"]
[EventType "swiss (rapid)"]
[EventRounds "9"]
[EventCountry "POL"]
[SourceTitle "CBM 184 Extra"]
[Source "ChessBase"]
[SourceDate "2018.06.28"]
[SourceVersion "1"]
[SourceVersionDate "2018.06.28"]
[SourceQuality "1"]

1. e4 c6 2. d4 d5 3. exd5 cxd5 4. c4 Nf6 5. Nc3 g6 6. cxd5 Bg7 7. Qb3 0-0 8. Be2 a5 9. a4 Na6 10. Bf3 Nb4 11. Be3 Bf5 12. Kd2 Bc2 13. Qa3 Rc8 14. Rc1 Bd3 15. Nge2 Qb6 16. Nf4 Bf5 17. h4 h6 18. Qb3 Rfd8 19. Rhg1 g5 20. hxg5 hxg5 21. Nfe2 g4 22. Ng3 Bg6 23. Be2 Qd6 24. Bc4 Qc7 25. Na2 Nxa2 26. Qxa2 Qd6 27. Qb3 Nxd5 28. Bxd5 Rxc1 29. Rxc1 Qxd5 30. Qxd5 Rxd5 31. Ne2 e5 32. Rc8+ Kh7 33. Kc3 b5 34. axb5 Rxb5 35. Rd8 a4 36. Ra8 Rb3+ 37. Kc4 Rxb2 38. Nc3 exd4 39. Bxd4 Bxd4 40. Kxd4 Rxf2 41. Rxa4 Rxg2 42. Nd5 Rd2+ 43. Ke5 g3 44. Rh4+ Kg7 45. Rg4 g2 46. Nf4 Ra2 47. Rxg2 f6+ 48. Kd4 Rxg2 49. Nxg2 Kh6 50. Ke3 Kg5 51. Kf2 Kg4 52. Ne3+ 1/2-1/2

[Event "Budapest-chT1 Lilienthal 1718"]
[Site "Budapest"]
[Date "2018.03.18"]
[Round "12"]
[White "Vandor, Ferenc"]
[Black "Kovacs, Gabor Etele"]
[Result "0-1"]
[WhiteElo "1900"]
[BlackElo "2036"]
[PlyCount "66"]
[EventDate "2017.10.01"]
[EventType "team-tourn"]
[EventRounds "13"]
[EventCountry "HUN"]
[SourceTitle "EXT 2021"]
[Source "ChessBase"]
[SourceDate "2020.10.23"]
[SourceVersion "1"]
[SourceVersionDate "2020.10.23"]
[SourceQuality "1"]
[WhiteTeam "Penzugyor III"]
[BlackTeam "Aquarena III"]
[WhiteTeamCountry "HUN"]
[BlackTeamCountry "HUN"]

1. d4 d5 2. c4 e6 3. Nc3 c6 4. Nf3 Nf6 5. Bg5 dxc4 6. e3 b5 7. a4 Bb4 8. Qc2 a6 9. b3 Qa5 10. Bxf6 Bxc3+ 11. Ke2 Bxa1 12. Bxg7 Rg8 13. Qxh7 Rxg7 14. Qxg7 Qb4 15. Qg8+ Qf8 16. Qg3 Kd8 17. bxc4 Nd7 18. Nd2 bxa4 19. Qg5+ Ke8 20. g3 Bb7 21. Bh3 Bb2 22. c5 a5 23. Ne4 Ba6+ 24. Kf3 Qh8 25. Nd6+ Kf8 26. Bf1 Bxf1 27. Rxf1 Qf6+ 28. Qxf6 Nxf6 29. Ke2 a3 30. Nc4 Rb8 31. Kd3 a2 32. Nxb2 Rxb2 33. Ra1 Nd5 0-1

[Event "Budapest-chT1 Lilienthal 1718"]
[Site "Budapest"]
[Date "2018.02.11"]
[Round "9"]
[White "Forgacs, Attila Jr"]
[Black "Kovacs, Gabor Etele"]
[Result "0-1"]
[WhiteElo "1806"]
[BlackElo "2036"]
[PlyCount "70"]
[EventDate "2017.10.01"]
[EventType "team-tourn"]
[EventRounds "13"]
[EventCountry "HUN"]
[SourceTitle "EXT 2021"]
[Source "ChessBase"]
[SourceDate "2020.10.23"]
[SourceVersion "1"]
[SourceVersionDate "2020.10.23"]
[SourceQuality "1"]
[WhiteTeam "Siraly"]
[BlackTeam "Aquarena III"]
[WhiteTeamCountry "HUN"]
[BlackTeamCountry "HUN"]

1. e4 e6 2. d4 d5 3. Nc3 Bb4 4. e5 c5 5. a3 Bxc3+ 6. bxc3 Ne7 7. Qg4 cxd4 8. Qxg7 Rg8 9. Qxh7 Qc7 10. Ne2 Nbc6 11. f4 Bd7 12. h4 0-0-0 13. Qd3 dxc3 14. h5 Nf5 15. h6 Rg6 16. h7 Rh8 17. Rb1 d4 18. Rh3 a6 19. Rb3 Qa5 20. g3 Qc5 21. Bg2 Na5 22. Bxb7+ Kc7 23. Bxa6 Nxb3 24. cxb3 Rg7 25. Qc4 Qxc4 26. Bxc4 Kb6 27. Bd3 Bb5 28. Bxf5 Bxe2 29. Kxe2 exf5 30. Kd3 Kc5 31. b4+ Kd5 32. Rh6 Rxg3+ 33. Kc2 Rg6 34. Rh5 Kc4 35. Rxf5 Rxh7 0-1

[Event "Budapest-chT1 Lilienthal 1718"]
[Site "Budapest"]
[Date "2017.10.15"]
[Round "2"]
[White "Kovacs, Gabor Etele"]
[Black "Kovacsy, Barnabas"]
[Result "0-1"]
[WhiteElo "2036"]
[BlackElo "2105"]
[PlyCount "84"]
[EventDate "2017.10.01"]
[EventType "team-tourn"]
[EventRounds "13"]
[EventCountry "HUN"]
[SourceTitle "EXT 2021"]
[Source "ChessBase"]
[SourceDate "2020.10.23"]
[SourceVersion "1"]
[SourceVersionDate "2020.10.23"]
[SourceQuality "1"]
[WhiteTeam "Aquarena III"]
[BlackTeam "Budapest MTK III"]
[WhiteTeamCountry "HUN"]
[BlackTeamCountry "HUN"]

1. e4 c5 2. Nf3 e6 3. c3 d5 4. exd5 Qxd5 5. d4 Nf6 6. Na3 Nc6 7. Nb5 Qd8 8. dxc5 Bxc5 9. Qxd8+ Kxd8 10. Bg5 Ke7 11. Rd1 a6 12. Nbd4 Bd7 13. Be2 h6 14. Bh4 Rad8 15. 0-0 g5 16. Bg3 Ne4 17. Bc7 Rc8 18. Nxc6+ Bxc6 19. Be5 f6 20. Bd4 Bd6 21. Be3 Bd5 22. Rxd5 exd5 23. Rd1 Bc5 24. Bxc5+ Rxc5 25. Nd4 h5 26. f3 Nd6 27. Nb3 Rc7 28. Rxd5 Nc4 29. Bxc4 Rxc4 30. Nc5 Rd8 31. Rxd8 Kxd8 32. Ne4 Ke7 33. Kf2 Ke6 34. Ke3 Ke5 35. Nd2 Rc7 36. Nb3 f5 37. Nd4 f4+ 38. Kd3 g4 39. g3 fxg3 40. hxg3 gxf3 41. Nxf3+ Kf5 42. Ke3 Kg4 0-1

[Event "HUN-chT2 Erkel 1617"]
[Site "Hungary"]
[Date "2016.11.13"]
[Round "4.9"]
[White "Barta, Zoltan"]
[Black "Kovacs, Gabor Etele"]
[Result "0-1"]
[WhiteElo "1965"]
[BlackElo "1974"]
[PlyCount "74"]
[EventDate "2016.09.25"]
[EventType "team-tourn"]
[EventRounds "11"]
[EventCountry "HUN"]
[SourceTitle "EXT 2021"]
[Source "ChessBase"]
[SourceDate "2020.10.23"]
[SourceVersion "1"]
[SourceVersionDate "2020.10.23"]
[SourceQuality "1"]
[WhiteTeam "Andornaktalya"]
[BlackTeam "Budapest Kobanya II"]
[WhiteTeamCountry "HUN"]
[BlackTeamCountry "HUN"]

1. d4 d5 2. Nf3 c5 3. e3 Bg4 4. b3 e6 5. Bd3 Nc6 6. Bb2 cxd4 7. exd4 Qb6 8. c3 Nf6 9. Nbd2 Bd6 10. h3 Bh5 11. Qe2 0-0 12. g4 Bg6 13. Bxg6 hxg6 14. 0-0-0 Qa5 15. Kb1 b5 16. Ne5 Rfc8 17. Nxg6 Ba3 18. Bxa3 Qxa3 19. Ne5 b4 20. c4 Nxd4 21. Qd3 Nb5 22. cxb5 Rc3 23. Qd4 Nd7 24. Nc6 a5 25. Rc1 e5 26. Nxe5 Nxe5 27. Rxc3 bxc3 28. Qxc3 Ng6 29. Rc1 Nf4 30. Qf3 g5 31. h4 Qb4 32. Rc2 Re8 33. Kb2 Qd4+ 34. Qc3 Nd3+ 35. Ka3 Qb4+ 36. Qxb4 axb4+ 37. Ka4 Ra8# 0-1

[Event "HUN-chT U18"]
[Site "Hajduboszormeny"]
[Date "2016.11.03"]
[Round "2.6"]
[White "Kovacs, Gabor Etele"]
[Black "Juhasz, Agoston Botond"]
[Result "0-1"]
[WhiteElo "2000"]
[BlackElo "1867"]
[PlyCount "68"]
[EventDate "2016.11.02"]
[EventType "team-swiss"]
[EventRounds "8"]
[EventCountry "HUN"]
[SourceTitle "CBM 175 Extra"]
[Source "ChessBase"]
[SourceDate "2016.12.12"]
[SourceVersion "1"]
[SourceVersionDate "2016.12.12"]
[SourceQuality "1"]

1. e4 c6 2. d4 d5 3. exd5 cxd5 4. c4 Nf6 5. Nc3 e6 6. Bg5 Be7 7. Nf3 0-0 8. c5 Ne4 9. Bxe7 Qxe7 10. Rc1 f5 11. Be2 Rf6 12. 0-0 Rh6 13. g3 Nc6 14. Bb5 Nd8 15. Ne5 Nf7 16. Nxf7 Qxf7 17. Nxe4 fxe4 18. f3 Qh5 19. Rc2 e5 20. fxe4 Bg4 21. Qd3 a6 22. Ba4 exd4 23. exd5 Qe5 24. Rcf2 Rf6 25. Bc2 Rh6 26. Qb3 Qe3 27. Qxb7 Rf8 28. Qb4 Rxh2 29. Qb3 Rfxf2 30. Qb8+ Rf8+ 31. Kxh2 Rxb8 32. Bb3 Qe2+ 33. Kg1 Bh3 34. d6+ Rxb3 0-1

[Event "HUN-ch U14"]
[Site "Balatonlelle"]
[Date "2016.06.26"]
[Round "3"]
[White "Kovacs, Gabor Etele"]
[Black "Berczi, Peter"]
[Result "1-0"]
[WhiteElo "1993"]
[BlackElo "1851"]
[PlyCount "61"]
[EventDate "2016.06.24"]
[EventType "swiss"]
[EventRounds "7"]
[EventCountry "HUN"]
[SourceTitle "CBM 173 Extra"]
[Source "ChessBase"]
[SourceDate "2016.08.29"]
[SourceVersion "1"]
[SourceVersionDate "2016.08.29"]
[SourceQuality "1"]

1. e4 g6 2. d4 Bg7 3. Nc3 d6 4. Be3 Nf6 5. f3 c6 6. Qd2 0-0 7. Bd3 Nbd7 8. Nge2 e5 9. 0-0 Qc7 10. Kh1 exd4 11. Nxd4 Re8 12. Rad1 Nc5 13. Nb3 Nxb3 14. axb3 Be6 15. Bc4 Rad8 16. Bf4 Bf8 17. Bg5 Qe7 18. Qe3 Bg7 19. Qxa7 h6 20. Bh4 g5 21. Bf2 g4 22. Bh4 c5 23. fxg4 Bxc4 24. bxc4 Ra8 25. Qb6 Ra6 26. Qb3 Qe6 27. Qxb7 Raa8 28. Bxf6 Bxf6 29. Nd5 Be5 30. Nc7 Qxg4 31. Nxe8 1-0

[Event "HUN-ch U14"]
[Site "Balatonlelle"]
[Date "2016.06.25"]
[Round "2"]
[White "Kovacs, Gabor Etele"]
[Black "Varga, Marcell1111"]
[Result "0-1"]
[WhiteElo "1993"]
[BlackElo "1833"]
[PlyCount "80"]
[EventDate "2016.06.24"]
[EventType "swiss"]
[EventRounds "7"]
[EventCountry "HUN"]
[SourceTitle "CBM 173 Extra"]
[Source "ChessBase"]
[SourceDate "2016.08.29"]
[SourceVersion "1"]
[SourceVersionDate "2016.08.29"]
[SourceQuality "1"]

1. e4 e5 2. Nf3 Nc6 3. Bb5 a6 4. Bxc6 dxc6 5. 0-0 Bg4 6. h3 Bxf3 7. Qxf3 Qd7 8. d3 Bc5 9. Nd2 Ne7 10. Nc4 f6 11. Be3 Bxe3 12. Qxe3 0-0 13. Kh2 b6 14. g3 c5 15. Qe1 Nc6 16. f4 Rae8 17. Ne3 Nd4 18. Qf2 Nc6 19. Rg1 Ne7 20. f5 Qd4 21. b3 b5 22. Raf1 Ra8 23. g4 h6 24. Re1 a5 25. Nd1 a4 26. Rg3 Nc6 27. Qd2 axb3 28. c3 Rxa2 29. Nb2 Qd6 30. h4 Kf7 31. Re2 Rd8 32. Qc1 Rda8 33. g5 Ra1 34. Qe3 hxg5 35. hxg5 Rb1 36. gxf6 Qxf6 37. Rh3 Raa1 38. Qxc5 Rh1+ 39. Kg2 Qg5+ 40. Rg3 Rag1+ 0-1

[Event "HUN-chT2 Breyer 1516"]
[Site "Hungary"]
[Date "2016.04.17"]
[Round "11.9"]
[White "Kovacs, Gabor Etele"]
[Black "Szecsi, Pal"]
[Result "1-0"]
[WhiteElo "1895"]
[BlackElo "1837"]
[PlyCount "39"]
[EventDate "2015.09.13"]
[EventType "team-tourn"]
[EventRounds "11"]
[EventCountry "HUN"]
[SourceTitle "EXT 2017"]
[Source "ChessBase"]
[SourceDate "2016.10.25"]
[SourceVersion "1"]
[SourceVersionDate "2016.10.25"]
[SourceQuality "1"]
[WhiteTeam "Kobanya Aquarena"]
[BlackTeam "Szazhalombatta"]
[WhiteTeamCountry "HUN"]
[BlackTeamCountry "HUN"]

1. e4 c5 2. c3 d5 3. exd5 Qxd5 4. d4 e5 5. dxe5 Qxd1+ 6. Kxd1 Nc6 7. Bf4 Bf5 8. Nd2 Nge7 9. Ngf3 h6 10. h4 0-0-0 11. Bc4 Nd5 12. Bg3 Na5 13. Bb3 Nxb3 14. axb3 a6 15. Kc1 Be7 16. Nc4 g5 17. Rd1 g4 18. Ne1 h5 19. Rxd5 Rd7 20. Nb6+ 1-0

[Event "HUN-chT2 Breyer 1516"]
[Site "Hungary"]
[Date "2016.04.03"]
[Round "10.8"]
[White "Kovacs, Gabor Etele"]
[Black "Horvath, Laszlo"]
[Result "1-0"]
[WhiteElo "1895"]
[BlackElo "1982"]
[PlyCount "91"]
[EventDate "2015.09.13"]
[EventType "team-tourn"]
[EventRounds "11"]
[EventCountry "HUN"]
[SourceTitle "EXT 2017"]
[Source "ChessBase"]
[SourceDate "2016.10.25"]
[SourceVersion "1"]
[SourceVersionDate "2016.10.25"]
[SourceQuality "1"]
[WhiteTeam "Kobanya Aquarena"]
[BlackTeam "Gyor UDSE"]
[WhiteTeamCountry "HUN"]
[BlackTeamCountry "HUN"]

1. e4 Nf6 2. e5 Nd5 3. d4 d6 4. c4 Nb6 5. exd6 cxd6 6. Nc3 g6 7. Be3 Bg7 8. Rc1 0-0 9. b3 e5 10. dxe5 dxe5 11. Qxd8 Rxd8 12. c5 N6d7 13. Bc4 Nc6 14. Nf3 h6 15. 0-0 Nf8 16. Rfd1 Be6 17. Bd5 Bxd5 18. Rxd5 Rxd5 19. Nxd5 Rd8 20. Rd1 Ne6 21. Nc3 Ncd4 22. Bxd4 exd4 23. Na4 Nf4 24. Kf1 Nd5 25. a3 Nc7 26. Rd3 Kf8 27. Ke2 Ke7 28. b4 Ke6 29. Kd2 Kd5 30. Nc3+ Kc4 31. Ne4 b6 32. Nd6+ Kd5 33. Nxf7 Rd7 34. Nd6 bxc5 35. bxc5 Kxc5 36. Ne4+ Kc4 37. Nh4 Ne6 38. Nxg6 Rd8 39. Ke2 Rb8 40. Nd6+ Kd5 41. Nf5 Bf6 42. Nge7+ Kc4 43. Nd6+ Kc5 44. Ne4+ Kc4 45. Nxf6 Nc5 46. Rxd4+ 1-0